000
00381nam a2200157Ia 4500
008
141214s1999||||xx |||||||||||||| ||und||
082
_a
658./H6
245
_a
Negociacion y resolucion de conflictos
260
_a
Barcelona :
_b
Deusto,
_c
1999
300
_a
198 p.
440
_a
Harvard Business Review
942
_c
Libro
999
_c
975
_d
975